000 00268nam a22001097a 4500
008 170116b xxu||||| |||| 00| 0 eng d
020 _a9780323022408
041 _aeng
080 _26TH
_a618.2
245 _aCOMMUNITY&PUBLIC HEALTH NURSING
_cSTANHOPE, M
942 _2udc
_cBK
999 _c2925
_d2925